[Event "AUT-chT2O 2223"]
[Site "Austria"]
[Date "2023.04.23"]
[Round "11.3"]
[White "Schulz, Joern"]
[Black "Bures, Jaroslav"]
[Result "1/2-1/2"]
[WhiteElo "2242"]
[BlackElo "2419"]
[PlyCount "97"]
[EventDate "2022.10.15"]
[EventType "team-tourn"]
[EventRounds "11"]
[EventCountry "AUT"]
[SourceTitle "EXT 2024"]
[Source "ChessBase"]
[SourceDate "2023.10.10"]
[SourceVersion "1"]
[SourceVersionDate "2023.10.10"]
[SourceQuality "1"]
[WhiteTeam "Kottingbrunn"]
[BlackTeam "Mistelbach/Altlichtenwarth"]
[WhiteTeamCountry "AUT"]
[BlackTeamCountry "AUT"]

1. Nf3 d5 2. g3 Bg4 3. Bg2 Nd7 4. c4 e6 5. cxd5 exd5 6. Qb3 Nc5 7. Qe3+ Be7 8. b4 Nd7 9. Bb2 Ngf6 10. Ne5 Nxe5 11. Bxe5 0-0 12. Qf4 Be6 13. Nc3 c6 14. Rb1 Ng4 15. Bd4 Bd6 16. Qf3 Ne5 17. Bxe5 Bxe5 18. Na4 d4 19. Qa3 Bd5 20. 0-0 Bxg2 21. Kxg2 b5 22. Nc5 a5 23. Qf3 axb4 24. Nd3 Bd6 25. Qxc6 Rxa2 26. Qxb5 Rxd2 27. Nxb4 Qe7 28. Nc6 Qe4+ 29. Kg1 Rxe2 30. Nxd4 Rd2 31. Nf5 g6 32. Nxd6 Rxd6 33. Rbe1 Qg4 34. Re8 Qd4 35. Rfe1 Rf6 36. R1e2 Rxe8 37. Qxe8+ Kg7 38. Qe3 Qa1+ 39. Re1 Qb2 40. Re2 Qb1+ 41. Re1 Qf5 42. Qd4 h5 43. Re4 Kh7 44. h4 Qf3 45. Re8 Qf5 46. Re4 Qf3 47. Re8 Kg7 48. Qc5 Kh7 49. Qd4 1/2-1/2

[Event "Olomouc op"]
[Site "Olomouc"]
[Date "2009.08.13"]
[Round "9"]
[White "Schulz, Joern"]
[Black "Oresky, Jan"]
[Result "1/2-1/2"]
[WhiteElo "2281"]
[BlackElo "2150"]
[PlyCount "142"]
[EventDate "2009.08.05"]
[EventType "swiss"]
[EventRounds "9"]
[EventCountry "CZE"]
[SourceTitle "CBM 131 Extra"]
[Source "ChessBase"]
[SourceDate "2009.09.03"]
[SourceVersion "2"]
[SourceVersionDate "2009.09.16"]
[SourceQuality "1"]

1. Nf3 d5 2. g3 c5 3. Bg2 Nc6 4. d4 Nf6 5. 0-0 cxd4 6. Nxd4 e5 7. Nxc6 bxc6 8. c4 Be7 9. Nc3 e4 10. Bg5 0-0 11. cxd5 cxd5 12. Bxf6 Bxf6 13. Qxd5 Qxd5 14. Nxd5 Bxb2 15. Rab1 Be5 16. Ne7+ Kh8 17. Bxe4 Bh3 18. Bxa8 Bxf1 19. Kxf1 Rxa8 20. Nc6 Bc3 21. Rb3 Bf6 22. Rb7 a5 23. Nxa5 h5 24. Nc4 Rxa2 25. Rxf7 h4 26. gxh4 Bxh4 27. Ne5 Bf6 28. Nf3 Ra1+ 29. Kg2 Ra2 30. e3 Rb2 31. Rd7 Kg8 32. Rd2 Rb4 33. h3 Kf7 34. Nh2 Ke6 35. Ng4 Bc3 36. Rc2 Rb3 37. f4 g5 38. fxg5 Kf5 39. Nf2 Bb4 40. h4 Rxe3 41. Rc6 Be7 42. Rb6 Re5 43. Kf3 Ra5 44. Ne4 Ra3+ 45. Kg2 Ra4 46. Ng3+ Kg4 47. Re6 Ra2+ 48. Ne2 Bxg5 49. hxg5 Kxg5 50. Kf3 Ra3+ 51. Ke4 Ra1 52. Re5+ Kf6 53. Rf5+ Ke7 54. Nd4 Ra4 55. Rb5 Kd6 56. Rb6+ Kc7 57. Rc6+ Kd7 58. Rh6 Ke7 59. Rb6 Kd7 60. Kd5 Ra5+ 61. Nb5 Ke7 62. Ke5 Kd7 63. Kf6 Ra1 64. Rd6+ Kc8 65. Ke6 Re1+ 66. Kd5 Rd1+ 67. Nd4 Kc7 68. Rh6 Kb7 69. Kc5 Rc1+ 70. Kd6 Rd1 71. Kd5 Kc7 1/2-1/2

[Event "BL2-Ost 0809"]
[Site "Germany"]
[Date "2009.03.15"]
[Round "8.3"]
[White "Neuman, Petr"]
[Black "Schulz, Joern"]
[Result "1-0"]
[WhiteElo "2455"]
[BlackElo "2285"]
[PlyCount "105"]
[EventDate "2008.10.05"]
[EventType "team-tourn"]
[EventRounds "9"]
[EventCountry "GER"]
[SourceTitle "CBM 129 Extra"]
[Source "ChessBase"]
[SourceDate "2009.05.05"]
[SourceVersion "2"]
[SourceVersionDate "2009.05.20"]
[SourceQuality "1"]
[WhiteTeam "Bindlach"]
[BlackTeam "Pankow Rotation"]
[WhiteTeamCountry "GER"]
[BlackTeamCountry "GER"]

1. c4 Nf6 2. Nc3 c5 3. g3 Nc6 4. Bg2 g6 5. e4 Bg7 6. Nge2 0-0 7. a3 d6 8. d3 Ne8 9. Rb1 Nc7 10. b4 Nd4 11. Nxd4 Bxd4 12. Ne2 Bg7 13. 0-0 Rb8 14. h3 Ne6 15. Bb2 Bxb2 16. Rxb2 Nd4 17. Nxd4 cxd4 18. f4 e5 19. f5 f6 20. h4 Kg7 21. Bh3 Bd7 22. a4 a6 23. Qb3 h6 24. Bg4 Qe8 25. b5 a5 26. Qd1 Qc8 27. Rbf2 b6 28. Rh2 Rh8 29. Kg2 Ra8 30. Qf3 g5 31. Rfh1 Qd8 32. hxg5 fxg5 33. f6+ Qxf6 34. Qxf6+ Kxf6 35. Bxd7 Kg7 36. Bf5 Raf8 37. Kf3 Rf6 38. Kg4 Rhf8 39. Kh5 R8f7 40. Rf2 Rf8 41. Rhf1 R8f7 42. Rf3 Rc7 43. Bg4 Rxf3 44. Rxf3 Re7 45. Rf2 Re8 46. Bd7 Re7 47. Bc6 Rc7 48. Bd5 Re7 49. g4 Rc7 50. Rf7+ Kh8 51. Kg6 Rxf7 52. Bxf7 h5 53. Kxh5 1-0

[Event "BL2-Nord 0607"]
[Site "Germany"]
[Date "2007.03.18"]
[Round "7.4"]
[White "Junge, Kai"]
[Black "Schulz, Joern"]
[Result "1/2-1/2"]
[WhiteElo "2245"]
[BlackElo "2255"]
[PlyCount "35"]
[EventDate "2006.10.15"]
[EventType "team-tourn"]
[EventRounds "9"]
[EventCountry "GER"]
[SourceTitle "EXT 2008"]
[Source "ChessBase"]
[SourceDate "2007.11.25"]
[SourceVersion "1"]
[SourceVersionDate "2007.11.25"]
[SourceQuality "1"]
[WhiteTeam "Preetz"]
[BlackTeam "Pankow Rotation"]
[WhiteTeamCountry "GER"]
[BlackTeamCountry "GER"]

1. Nf3 Nf6 2. g3 e6 3. Bg2 c5 4. 0-0 Be7 5. d3 0-0 6. e4 d6 7. Nbd2 Nc6 8. a4 Rb8 9. Nc4 Qc7 10. c3 b6 11. Bf4 Nd7 12. Rc1 Nde5 13. Na3 a6 14. d4 Nxf3+ 15. Bxf3 e5 16. Be3 b5 17. axb5 axb5 18. Be2 1/2-1/2

[Event "BL2-Nord 0607"]
[Site "Germany"]
[Date "2006.11.19"]
[Round "3.4"]
[White "Schulz, Joern"]
[Black "Lichmann, Peter"]
[Result "1/2-1/2"]
[WhiteElo "2255"]
[BlackElo "2305"]
[PlyCount "94"]
[EventDate "2006.10.15"]
[EventType "team-tourn"]
[EventRounds "9"]
[EventCountry "GER"]
[SourceTitle "EXT 2008"]
[Source "ChessBase"]
[SourceDate "2007.11.25"]
[SourceVersion "1"]
[SourceVersionDate "2007.11.25"]
[SourceQuality "1"]
[WhiteTeam "Pankow Rotation"]
[BlackTeam "Werder Bremen II"]
[WhiteTeamCountry "GER"]
[BlackTeamCountry "GER"]

1. Nf3 Nf6 2. g3 g6 3. Bg2 Bg7 4. c4 0-0 5. 0-0 d6 6. Nc3 e5 7. d3 Nc6 8. Rb1 a5 9. a3 h6 10. b4 axb4 11. axb4 Be6 12. b5 Nd4 13. e3 Nxf3+ 14. Qxf3 Rb8 15. Nd5 Nd7 16. Ba3 f5 17. Qe2 Ra8 18. Bb2 Kh7 19. Ra1 Rxa1 20. Rxa1 Nc5 21. d4 Ne4 22. Nc3 Nxc3 23. Bxc3 e4 24. Bf1 d5 25. c5 g5 26. f4 exf3 27. Qxf3 Kh8 28. Bd3 Qe7 29. Ra7 Bc8 30. Ra8 Be6 31. Ra7 Bc8 32. Ra8 Be6 33. Ra7 f4 34. exf4 gxf4 35. gxf4 Qg5+ 36. Qg3 Qh5 37. Qg6 Qd1+ 38. Kg2 Bg8 39. Ra1 Qb3 40. Rc1 Rxf4 41. Qg3 Rf7 42. Qe3 Qa2+ 43. Rc2 Qa8 44. Rf2 Rxf2+ 45. Qxf2 Qc8 46. Qf5 Qd8 47. Qf4 Qe7 1/2-1/2

[Event "Stare Mesto op"]
[Site "Stare Mesto"]
[Date "2006.08.18"]
[Round "9"]
[White "Brokken, Dennis"]
[Black "Schulz, Joern"]
[Result "1/2-1/2"]
[WhiteElo "2173"]
[BlackElo "2259"]
[PlyCount "93"]
[EventDate "2006.08.11"]
[EventType "swiss"]
[EventRounds "10"]
[EventCountry "CZE"]
[SourceTitle "CBM 113 Extra"]
[Source "ChessBase"]
[SourceDate "2006.09.14"]
[SourceVersion "1"]
[SourceVersionDate "2006.09.14"]
[SourceQuality "1"]

1. d4 Nf6 2. c4 e6 3. Nc3 d5 4. Nf3 c6 5. e3 Nbd7 6. Bd3 Be7 7. 0-0 0-0 8. e4 dxe4 9. Nxe4 Qc7 10. Bg5 Re8 11. Qe2 h6 12. Bh4 Nxe4 13. Qxe4 Nf6 14. Qe2 c5 15. Bg3 Bd6 16. Bxd6 Qxd6 17. Qe5 Rd8 18. Qxd6 Rxd6 19. Rfd1 cxd4 20. Be2 Bd7 21. c5 Rd5 22. b4 Ba4 23. Rxd4 Rxd4 24. Nxd4 Rd8 25. Nb5 Rd2 26. Nc3 Nd5 27. Nxa4 Rxe2 28. a3 Rc2 29. g3 Kf8 30. Rd1 Ke7 31. Rd3 a5 32. bxa5 Rc4 33. Nb6 Rxc5 34. Nxd5+ exd5 35. Rb3 Rxa5 36. Rxb7+ Ke6 37. Rb6+ Ke5 38. Rb7 Ke6 39. Rb6+ Ke5 40. Rb7 d4 41. Rxf7 d3 42. Kf1 Rxa3 43. Ke1 Kd4 44. Rxg7 Ra1+ 45. Kd2 Ra2+ 46. Ke1 Ra1+ 47. Kd2 1/2-1/2

[Event "Stare Mesto op"]
[Site "Stare Mesto"]
[Date "2006.08.11"]
[Round "1"]
[White "Stefanko, Igor"]
[Black "Schulz, Joern"]
[Result "1/2-1/2"]
[WhiteElo "1943"]
[BlackElo "2259"]
[PlyCount "104"]
[EventDate "2006.08.11"]
[EventType "swiss"]
[EventRounds "10"]
[EventCountry "CZE"]
[SourceTitle "CBM 113 Extra"]
[Source "ChessBase"]
[SourceDate "2006.09.14"]
[SourceVersion "1"]
[SourceVersionDate "2006.09.14"]
[SourceQuality "1"]

1. e4 c5 2. Nf3 d6 3. d4 cxd4 4. Nxd4 Nf6 5. Nc3 a6 6. Bg5 e6 7. f4 Nc6 8. Bc4 Qb6 9. Nb3 Be7 10. Qf3 Qc7 11. 0-0-0 b5 12. Bd3 Bb7 13. Bxf6 Bxf6 14. Bxb5 Bxc3 15. Bxc6+ Qxc6 16. Qxc3 Qxc3 17. bxc3 Bxe4 18. Rxd6 Bd5 19. Re1 Bxg2 20. Rg1 Bd5 21. Rxg7 Ke7 22. Rb6 Kf6 23. Rg5 Rhb8 24. Nc5 Rd8 25. Kb2 a5 26. Nd3 Ra7 27. Ne5 Be4 28. Nc4 Rc7 29. Nd6 Bc6 30. Nb5 Bxb5 31. Rbxb5 Rc4 32. Rh5 Rxf4 33. Rxh7 Rd2 34. h4 Rff2 35. Rxa5 Rxc2+ 36. Kb3 Rb2+ 37. Kc4 Rf4+ 38. Kd3 Rf3+ 39. Kc4 Rc2 40. Ra3 Ke5 41. Rg7 f5 42. Rg6 Rh3 43. h5 Rxh5 44. Kd3 Rhh2 45. Ra5+ Kf4 46. Rxe6 Rhd2+ 47. Kc4 Rxa2 48. Rxa2 Rxa2 49. Kd3 Kf3 50. c4 f4 51. c5 Ra1 52. Kd2 Ra5 1/2-1/2

[Event "BL2-Nord 0506"]
[Site "Germany"]
[Date "2005.12.11"]
[Round "4.2"]
[White "Rasmussen, Karsten"]
[Black "Schulz, Joern"]
[Result "1-0"]
[WhiteElo "2457"]
[BlackElo "2263"]
[PlyCount "87"]
[EventDate "2005.10.23"]
[EventType "team-tourn"]
[EventRounds "9"]
[EventCountry "GER"]
[SourceTitle "EXT 2007"]
[Source "ChessBase"]
[SourceDate "2006.11.23"]
[SourceVersion "1"]
[SourceVersionDate "2006.11.23"]
[SourceQuality "1"]
[WhiteTeam "Preetz"]
[BlackTeam "Berlin Rotation"]
[WhiteTeamCountry "GER"]
[BlackTeamCountry "GER"]

1. Nf3 Nf6 2. c4 c5 3. Nc3 e6 4. g3 b6 5. Bg2 Bb7 6. 0-0 Be7 7. Re1 a6 8. e4 d6 9. d4 cxd4 10. Nxd4 Qc7 11. Be3 Nbd7 12. Rc1 Rc8 13. f4 Qb8 14. Nd5 exd5 15. exd5 g6 16. Qe2 Kd8 17. Nc6+ Bxc6 18. dxc6 Nf8 19. Rc3 Qc7 20. Rb3 Rb8 21. Qf2 b5 22. Ba7 Ng4 23. Bxb8 Qxb8 24. Rxe7 Nxf2 25. c7+ Qxc7 26. Rxc7 Kxc7 27. cxb5 axb5 28. Kxf2 Nd7 29. Rxb5 Rb8 30. Rxb8 Nxb8 31. Ke3 Nd7 32. Kd4 Nb6 33. b3 Nc8 34. Bd5 f6 35. b4 h6 36. a4 Ne7 37. a5 Nf5+ 38. Ke4 Ne7 39. b5 Nc8 40. b6+ Kb8 41. Be6 Ne7 42. a6 Nc6 43. Bd5 f5+ 44. Ke3 1-0

[Event "BL2-Nord 0506"]
[Site "Germany"]
[Date "2005.10.23"]
[Round "1.2"]
[White "Berczes, David"]
[Black "Schulz, Joern"]
[Result "1/2-1/2"]
[WhiteElo "2475"]
[BlackElo "2263"]
[PlyCount "97"]
[EventDate "2005.10.23"]
[EventType "team-tourn"]
[EventRounds "9"]
[EventCountry "GER"]
[SourceTitle "EXT 2007"]
[Source "ChessBase"]
[SourceDate "2006.11.23"]
[SourceVersion "1"]
[SourceVersionDate "2006.11.23"]
[SourceQuality "1"]
[WhiteTeam "Ruedersdorf"]
[BlackTeam "Berlin Rotation"]
[WhiteTeamCountry "GER"]
[BlackTeamCountry "GER"]

1. d4 Nf6 2. c4 e6 3. Nf3 b6 4. Nc3 Bb7 5. a3 d5 6. cxd5 Nxd5 7. Qc2 Nxc3 8. bxc3 Nd7 9. e4 c5 10. Bf4 Be7 11. Bd3 Qc8 12. d5 c4 13. Be2 exd5 14. exd5 Bxd5 15. Rd1 Qb7 16. Qd2 Nf6 17. Be5 Rd8 18. Nd4 Ne4 19. Qe3 f6 20. Bf4 Kf7 21. 0-0 Bd6 22. Bxd6 Nxd6 23. Qh3 g6 24. Rfe1 Ne4 25. Nc2 h5 26. Ne3 Ng5 27. Qh4 b5 28. Rd4 Bc6 29. Red1 Ne6 30. Rxd8 Rxd8 31. Rb1 Qc7 32. a4 a6 33. axb5 axb5 34. h3 Qd6 35. Qg3 Qxg3 36. fxg3 Ng5 37. Ra1 Ra8 38. Rxa8 Bxa8 39. Nc2 Bc6 40. Nd4 Bd7 41. Bf3 Nxf3+ 42. gxf3 Ke7 43. Kf2 Kd6 44. h4 Kc5 45. Nc2 Bf5 46. Nb4 g5 47. Ke3 gxh4 48. gxh4 Bb1 49. Kf4 1/2-1/2

[Event "Stare Mesto op"]
[Site "Stare Mesto"]
[Date "2005.08.20"]
[Round "10"]
[White "Mertens, Klaus"]
[Black "Schulz, Joern"]
[Result "1/2-1/2"]
[WhiteElo "2144"]
[BlackElo "2290"]
[PlyCount "125"]
[EventDate "2005.08.12"]
[EventType "swiss"]
[EventRounds "9"]
[EventCountry "CZE"]
[SourceTitle "EXT 2006"]
[Source "ChessBase"]
[SourceDate "2005.11.24"]
[SourceVersion "1"]
[SourceVersionDate "2005.11.24"]
[SourceQuality "1"]

1. Nf3 Nf6 2. g3 b6 3. Bg2 Bb7 4. d4 c5 5. c3 e6 6. Bg5 Be7 7. 0-0 d6 8. Nbd2 Nbd7 9. Re1 h6 10. Bxf6 Bxf6 11. Nc4 Be7 12. e4 b5 13. Na3 a6 14. Nc2 0-0 15. a4 Nb6 16. axb5 axb5 17. b3 Qc7 18. Qd3 c4 19. bxc4 Nxc4 20. Rab1 Ra5 21. Nd2 Rc8 22. Nxc4 bxc4 23. Qe3 d5 24. exd5 Bxd5 25. Bxd5 Rxd5 26. Rb2 Rb8 27. Reb1 Rxb2 28. Rxb2 Rd8 29. Qe2 Rc8 30. Ne3 Bf8 31. Qf3 Qa5 32. Rb7 f6 33. Nc2 Kh8 34. Kg2 e5 35. dxe5 Qxe5 36. Nd4 Bc5 37. Nf5 Bf8 38. Nh4 Qe8 39. h3 Rd8 40. Ra7 Rd2 41. Ra8 Rd8 42. Ng6+ Kg8 43. Qd5+ Rxd5 44. Rxe8 Kf7 45. Rxf8+ Kxg6 46. Rc8 Rd3 47. Rxc4 h5 48. h4 Kf5 49. Rf4+ Ke5 50. Rf3 Rd2 51. Re3+ Kf5 52. Kf1 g5 53. hxg5 fxg5 54. Kg2 Rc2 55. Rd3 Ke4 56. Rd4+ Ke5 57. Rc4 h4 58. g4 Rd2 59. Ra4 Rc2 60. Ra5+ Kf4 61. Ra4+ Ke5 62. Ra5+ Kf4 63. Ra4+ 1/2-1/2

[Event "Stare Mesto op"]
[Site "Stare Mesto"]
[Date "2005.08.15"]
[Round "5"]
[White "Benco, Pavel"]
[Black "Schulz, Joern"]
[Result "1/2-1/2"]
[WhiteElo "2158"]
[BlackElo "2290"]
[PlyCount "57"]
[EventDate "2005.08.12"]
[EventType "swiss"]
[EventRounds "9"]
[EventCountry "CZE"]
[SourceTitle "EXT 2006"]
[Source "ChessBase"]
[SourceDate "2005.11.24"]
[SourceVersion "1"]
[SourceVersionDate "2005.11.24"]
[SourceQuality "1"]

1. d4 Nf6 2. c4 e6 3. Nc3 Bb4 4. e3 c5 5. Nge2 cxd4 6. exd4 d5 7. c5 Ne4 8. Bd2 Nxd2 9. Qxd2 b6 10. a3 Bxc3 11. Nxc3 bxc5 12. dxc5 Ba6 13. Bxa6 Nxa6 14. b4 Qd7 15. 0-0 0-0 16. Rfc1 Nc7 17. a4 d4 18. b5 e5 19. b6 Ne6 20. Nb5 axb6 21. cxb6 Rfb8 22. Qe2 Rxb6 23. Qxe5 Rba6 24. Nc7 Nxc7 25. Qxc7 Qxc7 26. Rxc7 Kf8 27. Rc4 Rd6 28. Kf1 Ra5 29. Rd1 1/2-1/2

[Event "BL2-Nord 0405"]
[Site "Germany"]
[Date "2004.11.28"]
[Round "3.2"]
[White "Schulz, Joern"]
[Black "Pieniazek, Artur"]
[Result "1/2-1/2"]
[WhiteElo "2266"]
[BlackElo "2396"]
[PlyCount "44"]
[EventDate "2004.10.24"]
[EventType "team-tourn"]
[EventRounds "9"]
[EventCountry "GER"]
[SourceTitle "EXT 2007"]
[Source "ChessBase"]
[SourceDate "2006.11.23"]
[SourceVersion "1"]
[SourceVersionDate "2006.11.23"]
[SourceQuality "1"]
[WhiteTeam "Berlin Rotation"]
[BlackTeam "Kreuzberg II"]
[WhiteTeamCountry "GER"]
[BlackTeamCountry "GER"]

1. d4 Nf6 2. c4 e6 3. Nf3 b6 4. g3 Ba6 5. b3 Bb4+ 6. Bd2 Be7 7. Bg2 c6 8. Bc3 d5 9. Ne5 Nfd7 10. Nxd7 Nxd7 11. Nd2 Rc8 12. 0-0 0-0 13. e4 c5 14. exd5 exd5 15. dxc5 dxc4 16. c6 cxb3 17. Re1 Bb5 18. axb3 Bxc6 19. Bxc6 Rxc6 20. Rxa7 Bf6 21. Ne4 Bxc3 22. Rxd7 Qc8 1/2-1/2

[Event "Stare Mesto op"]
[Site "Stare Mesto"]
[Date "2004.08.21"]
[Round "10"]
[White "Hausner, Ivan"]
[Black "Schulz, Joern"]
[Result "1-0"]
[WhiteElo "2419"]
[BlackElo "2266"]
[PlyCount "81"]
[EventDate "2004.08.13"]
[EventType "swiss"]
[EventRounds "10"]
[EventCountry "CZE"]
[SourceTitle "EXT 2006"]
[Source "ChessBase"]
[SourceDate "2005.11.24"]
[SourceVersion "1"]
[SourceVersionDate "2005.11.24"]
[SourceQuality "1"]

1. d4 Nf6 2. c4 e6 3. g3 d5 4. Nf3 Be7 5. Bg2 0-0 6. 0-0 dxc4 7. Ne5 Nc6 8. Nxc6 bxc6 9. Na3 Bxa3 10. bxa3 Nd5 11. Qa4 Nb6 12. Qxc6 Rb8 13. Qc5 Bb7 14. e4 Qd6 15. Bf4 Qxc5 16. dxc5 Nd7 17. Rfc1 Ba6 18. Bf1 Nxc5 19. Bxc4 Rfc8 20. Be3 Bxc4 21. Rxc4 Nd7 22. Bxa7 Ra8 23. Be3 Rxa3 24. Rac1 h6 25. Rxc7 Rxc7 26. Rxc7 Nf6 27. Ra7 Rxa7 28. Bxa7 Kf8 29. f3 Ke8 30. Bd4 Nh5 31. Be5 g5 32. g4 f6 33. gxh5 fxe5 34. h4 gxh4 35. Kg2 Kd7 36. Kh3 Kc6 37. Kxh4 Kc5 38. Kg4 Kd4 39. a4 Kc4 40. f4 Kb4 41. f5 1-0

[Event "Stare Mesto op"]
[Site "Stare Mesto"]
[Date "2004.08.16"]
[Round "5"]
[White "Schulz, Joern"]
[Black "Dochev, Dimitar"]
[Result "0-1"]
[WhiteElo "2266"]
[BlackElo "2353"]
[PlyCount "140"]
[EventDate "2004.08.13"]
[EventType "swiss"]
[EventRounds "10"]
[EventCountry "CZE"]
[SourceTitle "EXT 2006"]
[Source "ChessBase"]
[SourceDate "2005.11.24"]
[SourceVersion "1"]
[SourceVersionDate "2005.11.24"]
[SourceQuality "1"]

1. d4 Nf6 2. c4 g6 3. Nc3 Bg7 4. Nf3 d6 5. g3 0-0 6. Bg2 Nc6 7. d5 Na5 8. Nd2 c5 9. Qc2 a6 10. a3 b5 11. cxb5 axb5 12. b4 Nc4 13. Nxc4 bxc4 14. bxc5 Bf5 15. Qa2 Nd7 16. Bd2 Nxc5 17. e4 Bc8 18. 0-0 Nb3 19. Rab1 Qa5 20. e5 Nxd2 21. Qxd2 Bxe5 22. Rfc1 Bf5 23. Rb4 Rfc8 24. Bf1 Qxa3 25. Rxc4 Rxc4 26. Bxc4 Rc8 27. Nd1 Bf6 28. Ne3 Be4 29. h4 Rc5 30. Kh2 h5 31. Rd1 Qb2 32. Qxb2 Bxb2 33. Be2 Bc1 34. Rd4 f5 35. Bd3 Bxe3 36. fxe3 Bxd3 37. Rxd3 Kg7 38. Kg2 Kf6 39. Kf3 Ke5 40. Rd4 Rxd5 41. Ra4 Kf6 42. Ra2 Rd1 43. Ke2 Rc1 44. Rd2 Ke5 45. Kf3 e6 46. Kf2 d5 47. Kf3 Rc4 48. Re2 Kf6 49. Rd2 g5 50. hxg5+ Kxg5 51. Kf2 h4 52. gxh4+ Rxh4 53. Kg3 Ra4 54. Rb2 Ra3 55. Kf2 f4 56. exf4+ Kxf4 57. Rb4+ Kf5 58. Rh4 Ke5 59. Rh5+ Kd6 60. Rh6 d4 61. Ke2 Kd5 62. Rh8 e5 63. Rh5 Ra2+ 64. Kd3 Rg2 65. Rf5 Rg3+ 66. Kd2 Ke4 67. Rf2 Ra3 68. Re2+ Kd5 69. Rh2 Ra2+ 70. Kd3 e4# 0-1

[Event "Stare Mesto op"]
[Site "Stare Mesto"]
[Date "2004.08.15"]
[Round "3"]
[White "Schulz, Joern"]
[Black "Plachetka, Jan"]
[Result "1/2-1/2"]
[WhiteElo "2266"]
[BlackElo "2435"]
[PlyCount "78"]
[EventDate "2004.08.13"]
[EventType "swiss"]
[EventRounds "10"]
[EventCountry "CZE"]
[SourceTitle "EXT 2006"]
[Source "ChessBase"]
[SourceDate "2005.11.24"]
[SourceVersion "1"]
[SourceVersionDate "2005.11.24"]
[SourceQuality "1"]

1. d4 Nf6 2. c4 g6 3. Nc3 d5 4. cxd5 Nxd5 5. e4 Nxc3 6. bxc3 Bg7 7. Be3 c5 8. Qd2 Qa5 9. Rc1 0-0 10. Nf3 cxd4 11. cxd4 Qxd2+ 12. Nxd2 e6 13. Bb5 Bd7 14. Bxd7 Nxd7 15. Ke2 Rfc8 16. Nb3 Bf8 17. Rxc8 Rxc8 18. Rc1 Rxc1 19. Bxc1 b6 20. Kd3 Bd6 21. g3 h5 22. Kc4 a6 23. a4 Kf8 24. f4 b5+ 25. axb5 Nb6+ 26. Kd3 axb5 27. Na5 Ke8 28. Nc6 Kd7 29. Ne5+ Bxe5 30. fxe5 Kc6 31. Kc3 Nd7 32. Bg5 Nb6 33. Bc1 Nc4 34. Bf4 Kb6 35. Kb3 Ka5 36. Bg5 Kb6 37. Kc3 Kc6 38. Bc1 Nb6 39. Bg5 Nd7 1/2-1/2

[Event "BL2-Nord 0304"]
[Site "Germany"]
[Date "2004.??.??"]
[Round "?.4"]
[White "Schulz, Joern"]
[Black "Dietz, Juergen"]
[Result "1-0"]
[WhiteElo "2255"]
[BlackElo "2275"]
[PlyCount "75"]
[EventDate "2003.10.??"]
[EventType "team-tourn"]
[EventRounds "9"]
[EventCountry "GER"]
[SourceTitle "CBM 100 Extra"]
[Source "ChessBase"]
[SourceDate "2004.07.06"]
[SourceVersion "2"]
[SourceVersionDate "2004.07.06"]
[SourceQuality "1"]
[WhiteTeam "Berlin Rotation"]
[BlackTeam "Hamburg Schachfreunde"]
[WhiteTeamCountry "GER"]
[BlackTeamCountry "GER"]

1. d4 f5 2. Bg5 h6 3. Bh4 c5 4. e4 Qb6 5. exf5 Qxb2 6. Nd2 Nc6 7. Rb1 Qxa2 8. Bc4 Qa5 9. Rb5 Qa4 10. Rxc5 b6 11. Bf7+ Kd8 12. Rc4 Qa5 13. c3 Qxf5 14. Bh5 Nf6 15. Bf3 g5 16. Bg3 Ba6 17. Ra4 Bd3 18. Ra1 Qe6+ 19. Be2 Bg7 20. Ndf3 Bc4 21. Ne5 Nxe5 22. Bxe5 d6 23. Bxf6 Bxf6 24. Qa4 b5 25. Qa6 Ke8 26. Kd2 Kf7 27. Bxc4 bxc4 28. Ne2 Rhb8 29. Rhb1 Rxb1 30. Rxb1 d5 31. Qb7 Rd8 32. Ng3 g4 33. Qxa7 Bg5+ 34. Kd1 Qg6 35. Qb6 Qd3+ 36. Ke1 Rd6 37. Qb2 Re6+ 38. Ne2 1-0

[Event "BL2-Nord 0203"]
[Site "Germany"]
[Date "2003.01.26"]
[Round "5.5"]
[White "Schulz, Joern"]
[Black "Hochgraefe, Markus"]
[Result "1-0"]
[WhiteElo "2221"]
[BlackElo "2331"]
[PlyCount "157"]
[EventDate "2002.10.20"]
[EventType "team-tourn"]
[EventRounds "9"]
[EventCountry "GER"]
[SourceTitle "EXT 2004"]
[Source "ChessBase"]
[SourceDate "2003.11.25"]
[SourceVersion "1"]
[SourceVersionDate "2003.11.25"]
[SourceQuality "1"]
[WhiteTeam "Berlin Rotation"]
[BlackTeam "Hamburg Koenigsspringer"]
[WhiteTeamCountry "GER"]
[BlackTeamCountry "GER"]

1. d4 d5 2. c4 c6 3. Nc3 Nf6 4. Nf3 a6 5. e3 b5 6. b3 Bg4 7. h3 Bh5 8. Be2 e6 9. Bb2 Nbd7 10. 0-0 Bd6 11. Rc1 0-0 12. Ne5 Bxe2 13. Nxe2 Rc8 14. Qd3 Qa5 15. Rc2 Rc7 16. a3 bxc4 17. bxc4 Bxe5 18. dxe5 dxc4 19. Qd4 Nd5 20. Rxc4 c5 21. Qd1 Rb7 22. Qc2 Rfb8 23. Bc1 Rc7 24. Rh4 Nf8 25. Ra4 Qb6 26. e4 Ne7 27. Nc3 Qc6 28. Qd3 Rb6 29. Qc4 Nd7 30. f4 Qb7 31. Rd1 h6 32. Be3 Rbc6 33. Ra5 Qb6 34. Qa4 Qb2 35. Qc4 Qb6 36. Ra4 Qb7 37. Rb1 Nb6 38. Qe2 Qc8 39. Rxa6 Nd7 40. Rxc6 Nxc6 41. Kh2 Nd4 42. Qf2 Rc6 43. Rb2 Nb6 44. Bxd4 cxd4 45. Nb5 Nc4 46. Na7 Qa8 47. Nxc6 Nxb2 48. Ne7+ Kf8 49. Qxd4 Kxe7 50. Qxb2 Qxe4 51. Qd2 Ke8 52. Kg1 Qb1+ 53. Kf2 Qe4 54. Qe3 Qc2+ 55. Kf3 Qc6+ 56. Kg3 Qc4 57. Qf3 Qa4 58. Qc3 Qe4 59. Qc8+ Ke7 60. Qc7+ Ke8 61. Qb8+ Ke7 62. Qa7+ Ke8 63. a4 g5 64. Qb8+ Ke7 65. Qc7+ Ke8 66. Qb8+ Kd7 67. Qd6+ Ke8 68. Qd2 Qxa4 69. fxg5 h5 70. Qf4 Qc2 71. Qf3 Qb2 72. Qe4 Kf8 73. Kh4 Qf2+ 74. Kxh5 Qg3 75. Kh6 Ke7 76. h4 Kf8 77. g6 fxg6 78. Qf3+ Qxf3 79. gxf3 1-0

[Event "BL2-Nord 0304"]
[Site "Germany"]
[Date "2003.??.??"]
[Round "?.5"]
[White "Kiese, Matthias"]
[Black "Schulz, Joern"]
[Result "1/2-1/2"]
[WhiteElo "2245"]
[BlackElo "2255"]
[PlyCount "57"]
[EventDate "2003.10.??"]
[EventType "team-tourn"]
[EventRounds "9"]
[EventCountry "GER"]
[SourceTitle "CBM 100 Extra"]
[Source "ChessBase"]
[SourceDate "2004.07.06"]
[SourceVersion "2"]
[SourceVersionDate "2004.07.06"]
[SourceQuality "1"]
[WhiteTeam "Hannover Post"]
[BlackTeam "Berlin Rotation"]
[WhiteTeamCountry "GER"]
[BlackTeamCountry "GER"]

1. d4 Nf6 2. Nf3 e6 3. Bg5 c5 4. c3 d5 5. e3 Nbd7 6. Nbd2 Be7 7. Bd3 Qc7 8. 0-0 0-0 9. Qe2 b6 10. e4 dxe4 11. Nxe4 Bb7 12. Rad1 Rfe8 13. Rfe1 Nxe4 14. Bxe4 Bxe4 15. Qxe4 Bxg5 16. Nxg5 Nf6 17. Qe5 Rac8 18. Qxc7 Rxc7 19. dxc5 Rxc5 20. Ne4 Nxe4 21. Rxe4 Rc7 22. f4 Kf8 23. Kf2 Ke7 24. Red4 h6 25. Kf3 Rb8 26. c4 b5 27. cxb5 Rxb5 28. R1d2 a5 29. g3 1/2-1/2